[Event "ECF Schools-ch"]
[Site "Nottingham"]
[Date "2024.06.27"]
[Round "1.5"]
[White "Subin, Samvrit"]
[Black "Misra, Samarth"]
[Result "1-0"]
[WhiteElo "1808"]
[BlackElo "1508"]
[PlyCount "72"]
[EventDate "2024.06.27"]
[EventType "team-swiss"]
[EventRounds "5"]
[EventCountry "ENG"]
[SourceTitle "EXT 2025"]
[Source "ChessBase"]
[SourceDate "2024.10.14"]
[SourceVersion "1"]
[SourceVersionDate "2024.10.14"]
[SourceQuality "1"]
[WhiteTeam "Tiffin School"]
[BlackTeam "Bolton School"]
[WhiteTeamCountry "ENG"]
[BlackTeamCountry "ENG"]

1. e4 e5 2. Nf3 Nc6 3. Bc4 Bc5 4. 0-0 d6 5. c3 Be6 6. Bxe6 fxe6 7. d4 exd4 8. cxd4 Bb6 9. Bg5 Nge7 10. Re1 h6 11. Bxe7 Qxe7 12. d5 Ne5 13. Nxe5 dxe5 14. Qh5+ Qf7 15. Qxf7+ Kxf7 16. Nc3 Ke7 17. Rac1 Rhf8 18. Re2 Bd4 19. Nb5 Bb6 20. Rec2 c6 21. dxc6 bxc6 22. Rxc6 Bxf2+ 23. Kh1 Bd4 24. Rc7+ Kf6 25. R7c6 Bxb2 26. R1c2 Ke7 27. Rc7+ Kd8 28. h3 Bd4 29. Rxg7 a6 30. Nd6 Rf1+ 31. Kh2 Bg1+ 32. Kg3 Bf2+ 33. Kg4 Bb6 34. Nb7+ Ke8 35. Rd2 Rg1 36. Rg8+ Ke7 1-0